Sporty na Letnich Igrzyskach Olimpijskich 2020 - Statystyki

Ogólne statystyki
  • Ten quiz został rozwiązany 377 razy
  • Średni wynik to 18 z 34
Statystyki odpowiedzi
Sport % Poprawnych
Piłka nożna
95%
Lekkoatletyka
94%
Siatkówka
92%
Koszykówka
86%
Sporty wodne
86%
Piłka ręczna
83%
Tenis
72%
Boks
71%
Kolarstwo
71%
Kajakarstwo
69%
Zapasy
62%
Judo
61%
Tenis stołowy
58%
Karate
55%
Gimnastyka
54%
Łucznictwo
53%
Wioślarstwo
53%
Jeździectwo
50%
Strzelectwo
50%
Hokej na trawie
49%
Szermierka
49%
Rugby 7
46%
Podnoszenie ciężarów
45%
Żeglarstwo
44%
Badminton
41%
Golf
38%
Wspinaczka sportowa
38%
Taekwondo
37%
Baseball
33%
Skateboarding
30%
Pięciobój nowoczesny
27%
Triathlon
24%
Softball
17%
Surfing
14%
Nie znaleziono quizów pasujących do podanych kryteriów
Rozkład punktacji
Procent ludzi z każdym wynikiem
Percentyl według liczby udzielonych odpowiedzi
Twoja historia wyników
Nie rozwiązałeś tego quizu